Porovnanie vybraných ukazovateľov v krajinách EU bakalárska práca

Gespeichert in:
Bibliographische Detailangaben
1. Verfasser: Pomorská, Simona
Körperschaft: Fakulta hospodárskej informatiky EU. Katedra štatistiky
Weitere Verfasser: Bojdová, Veronika
Format: Buch
Sprache:Slowakisch
Veröffentlicht: Bratislava 2012
Tags: Tag hinzufügen
Keine Tags, Fügen Sie das erste Tag hinzu!

MARC

LEADER 00000nbm a2200000 4500
001 0156190
005 20161109111944.0
041 0 |a slo 
044 |a SK 
245 1 0 |a Porovnanie vybraných ukazovateľov v krajinách EU  |b bakalárska práca  |c Simona Pomorská ; školiteľ: Veronika Bojdová 
264 1 |a Bratislava  |c 2012 
300 |a 49 s. 
100 1 |a Pomorská, Simona 
700 1 |a Bojdová, Veronika 
710 2 |a Fakulta hospodárskej informatiky EU. Katedra štatistiky